Prístupy k manažérskemu rozhodovaniu bakalárska práca

Salvato in:
Dettagli Bibliografici
Autore principale: Lučková, Tatiana
Ente Autore: Podnikovohospodárska fakulta EU so sídlom v Košiciach. Katedra manažmentu
Altri autori: Bobenič Hintošová, Aneta, 1979-
Natura: Libro
Lingua:slovacco
Pubblicazione: Košice 2009
Tags: Aggiungi Tag
Nessun Tag, puoi essere il primo ad aggiungerne!!

MARC

LEADER 00000nam$a2200000$$$4500
001 0106801
005 20240318131130.7
041 0 |a slo 
044 |a SK 
245 1 0 |a Prístupy k manažérskemu rozhodovaniu  |b bakalárska práca  |c Tatiana Lučková ; škol. Aneta Bobenič Hintošová 
264 1 |a Košice  |c 2009 
300 |a 48 s. 
100 1 |a Lučková, Tatiana 
700 1 |a Bobenič Hintošová, Aneta, 1979- 
710 2 |a Podnikovohospodárska fakulta EU so sídlom v Košiciach. Katedra manažmentu